| 000 | 00644nam a22001937a 4500 | ||
|---|---|---|---|
| 005 | 20251108174523.0 | ||
| 008 | 250721s2007 xx 000 0 ara d | ||
| 082 | 1 | 4 | _aط/551.45/مكت |
| 245 | 1 | 0 |
_aالصحراء : _bعلى مدار الساعة مع حيوانات الصحراء / |
| 264 | 1 |
_aبيروت : _bمكتبة لبنان ناشرون، _c2007. |
|
| 300 | _a48ص | ||
| 490 | 0 |
_a24 ساعة في حياة _vالصحراء |
|
| 650 | 1 | 7 | _aالصحاري |
| 650 | 1 | 7 | _aالحيوانات |
| 653 | _aناشاون صغار (10-14) سنه | ||
| 710 | 2 | _aمكتبة لبنان ناشرون | |
| 942 |
_2ddc _cBK |
||
| 999 |
_c111285 _d111285 |
||